000 00375nam a2200157Ia 4500
008 230711s9999||||xx |||||||||||||| ||und||
041 _aENG
082 _a624
_bSP-B
100 _aSpedding Alan
245 0 _aBuilding maintenance ECO and manage
250 _a1st Ed.
260 _c1987
_aNew York
_bE & FN Spon
300 _a410
650 _aCivil Engineering
942 _cBK
999 _c1646
_d1646